Estadísticas para Los fichajes más caros del fútbol - Extremos derechos

Haz click aquí para intentar la prueba.

Estadísticas generales

  • Esta prueba ha sido intentada 39 veces
  • La puntuación promedio es 10 de 10

Estadísticas de respuestas

Coste (M €)TemporadaNacionalidadÚltimo clubNuevo clubJugador% Correcto
75,002014-2015ArgentinaReal MadridManchester UnitedÁngel Di María
100%
63,002015-2016ArgentinaManchester UnitedPSGÁngel Di María
100%
101,002013-2014GalesTottenhamReal MadridGareth Bale
100%
60,002000-2001PortugalFC BarcelonaReal MadridLuís Figo
100%
135,002017-2018FranciaBorussia DortmundFC BarcelonaOusmane Dembélé
100%
95,002022-2023BrasilAjaxManchester UnitedAntony
97%
60,002023-2024BrasilZenitAl-HilalMalcom
95%
67,802018-2019ArgeliaLeicester CityManchester CityRiyad Mahrez
92%
64,002018-2019Estados UnidosBorussia DortmundChelseaChristian Pulisic
89%
80,002019-2020Costa de MarfilLOSC LilleArsenalNicolas Pépé
76%

Distribución de puntuación

Porcentaje por número respondido

Porcentaje de gente con cada puntuación

Historial de tus puntuaciones

No has intentado esta prueba.